MDQL
is popping MORE tags! Check the
thread
!
Quizzes
Events
Quiz Creation
Community
Videos
Private Events
Remove Ads
Sign In
Join for FREE
Feedback
Dark Mode
Quiz Categories
Sports
Geography
Music
Movies
Television
Just For Fun
Miscellaneous
History
Literature
Language
Science
Gaming
Entertainment
Religion
Holiday
For Kids
Quiz Lab
Recent
Popular Today
Quiz Kudos Today
Editor Picks
Curator Picks
Quizzes by...
Day
Popularity
Type
Ratings
Length
Year
Community
Subscriptions
Recent Discussions
Orange Saloon
Badges
Playlists
Quests
Create
Leaderboards
Showdown
Live 5
Trivia Bingo
Activity
Puzzle Library
Sporcle Events
Private Events
Virtual Trivia
Globe League
Become a Host
Pub Owners
SporcleCon
Opinionation
Our Games
Videos
Blog
Mobile Apps
Partnerships
Remove Ads and Go Orange
Feedback
Movies
Disney
Marvel Cinematic Universe
Movie Resume
Movie Titles
Oscar
Actor
Actress
Director
Pixar
Role
Movie Quotes
Movie Characters
Box Office
Nominee
Best Picture
Star Wars
James Bond
Horror Movies
Movies
Disney
Marvel Cinematic Universe
Movie Resume
Movie Titles
Oscar
Actor
Actress
Director
Pixar
Role
Movie Quotes
Movie Characters
Box Office
Nominee
Best Picture
Star Wars
James Bond
Horror Movies
Random Quiz
Search Sporcle
×
Quiz Lab
Quiz Lab
Movies
Actor
Type in answers that appear in a list
Type in answers that appear in a list
Classic
Best Score? Go Orange.
Movie/actor connection Stats
Can you name the movie/actor connection ?
By
zha123
6m
15 Questions
313 Plays
313 Plays
313 Plays
Comments
Comments
Give Quiz Kudos
Give Quiz Kudos
-
- Ratings
hide this ad
Replay
Link that replays current quiz
Next Quiz
Link to next quiz in quiz playlist
You Got
0%
They Got
Avg Score
53%
Avg Friend Score
Upgrade to see
Score Distribution
Jump to the score distribution portion of the page
Score
0/15
Timer
06:00
0
Plays Today
actors
movie
% Correct
James Franco, Kirsten Dunst, Toby Maguire
Spider Man
92%
Seth Rogen, Gary Cole, James Franco
Pineapple Express
76%
Chris Cooper, Annette Bening, Kevin Spacey
American Beauty
67.7%
Ben Stiller, Owen Wilson, Will Ferrel
Zoolander
65.8%
Robert Downey Jr., Jack Black, Jay Baruchel
Tropic Thunder
64.9%
Vince Vaughn, Jeremy Piven, Luke Wilson
Old School
60.4%
Queen Latifah, Steve Martin, Angus T. Jones
Bringing Down the House
57.5%
Jay Baruchel, Martin Starr, Seth Rogen
Knocked Up
53%
actors
movie
% Correct
Toby Maguire, Jeff Bridges, Chris Cooper
Seabiscuit
52.1%
Jake Gyllenhaal, Mark Ruffalo, Robert Downey Jr.
Zodiac
48.9%
Dennis Quaid, Sela Ward, Jake Gyllenhaal
The Day After Tomorrow
45.4%
Luke Wilson, Danny Glover, Ben Stiller
The Royal Tenenbaums
39.3%
WIll Ferrel, Dustin Hoffman, Queen Latifah
Stranger Than Fiction
33.5%
Angus T. Jones, Rachel Griffiths, Dennis Quaid
The Rookie
27.2%
Kevin Spacey, Paul Giamatti, Vince Vaughn
Fred Claus
17.3%
Quiz Playlist
Details
Report
Send in Message
Add To Playlist
Classic:
Type in answers that appear in a list
Last Updated: Feb 16, 2017
Quiz Scoreboard
CHALLENGE
Sign Up to Join the Scoreboard
Show All
Scores
Hide
Comments
May contain spoilers
Recently Published
Street Fighter Characters
by Artimus82
Gaming
60s
9x9 Crossword: Cartoon Network
by jackfrog10
Miscellaneous
3m
College Basketball Coaching Resumes
by pancakes188
Sports
9m
More to Explore
Quiz From the Vault
Featured Blog Post
Where Did the Easter Bunny Come From?
hide this ad
You Might Also Like...
Tags
Actor Quiz
connection
Today's Top Quizzes in Movies
Browse Movies
hide this ad
Today's Top Quizzes in Actor
Browse Actor
Top Contributed Quizzes in Movies
1
Pick 5 Posters: Directed by Spielberg
2
7-to-1: Pixar Characters
3
Hidden Star Wars Character II
4
Pick 5 Posters: Lowest-Rated Spielberg
5
Sorting Actors
6
Sorting Actresses
7
Hidden Star Wars Character III
8
Pick 5 Posters: Directed by Scorsese
9
Hidden Star Wars Character IV
10
Pick 5 Posters: Star & Director
Explore More
Trending Topics
Crossword
Kpop
Anime
Disney
Marvel
NBA
Harry Potter
Soccer
NFL
Puzzle
The Office
Song
Country
Pokémon
WWE
hide this ad
More By:
zha123
Quiz
Plays
Rating
Category
Featured
Created
movie/actor connection
313
5.00
Movies
Nov 1, 2009
Go to Creator's Profile
Score Distribution
Quiz Creator Spotlight
zha123
Follow
Send a Message
Quizzes Created
-
Created Quiz Play Count
-
More By This Creator
Popular Quizzes Today
1
Find the US States - No Outlines Minefield
2
Find the Countries of Europe - No Outlines Minefield
3
The Countries of the World
4
Find the US States
5
Risky Map Clicking: Biggest States A-Z
6
US States
7
Popular People in 1961
8
Movies - When Are They Set?
More Movies Quizzes
Sunday Crossword: Movies, Counting Up
Quiz Lab
Trending Quizzes
Risky Map Clicking: Least Populous States A-Z
Countries of the World: 200 Million BC
Billboard Blitz: Aretha Franklin
1-10 Letter G Words
Famous Russians: Author or Composer?
Recently Updated
Leaping Animals
pecheneg
Reality TV Shows (A-Z)
bhenderson79
Rickey Henderson's Hall of Fame Teammates
pecheneg
Champions League XIs: Arsenal
pecheneg
Quick Pick: Celebrities in WWE's Hall of Fame
aduchscher
A-Z Keypad Blitz II
pecheneg
Multiple Oscar Actors
pecheneg
Mystery Phrase Blitz: Oscar 'Best Actors'
pecheneg
F. Scott Fitzgerald Novels
LTH
Pick 3 Villains
ddd62291
Trending Topics
Crossword
Marvel
NBA
Kpop
Disney
Anime
Harry Potter
Pokémon
Puzzle
Song
Soccer
Country
NFL
The Office
WWE
Your Account Isn't Verified!
In order to create a playlist on Sporcle, you need to verify the email address you used during registration. Go to your
Sporcle Settings
to finish the process.
Report this User
Report this user for behavior that violates our
Community Guidelines
.
Details:
Send Report
Go to the Sporcle.com Mobile Site →
Comments